| 000 | 00966cam a2200289 a 4500 | ||
|---|---|---|---|
| 001 | 000014455 | ||
| 005 | 20250211114738.0 | ||
| 008 | 910205s1952 mx a 000 0 spa | ||
| 035 | _a(DLC)ltf91019715 | ||
| 040 |
_aDO-SdBNP _cDLC _dDLC |
||
| 041 | 1 | 7 |
_aspa _heng _2Código de idioma MARC |
| 082 |
_a306.872 _bS561s |
||
| 100 | 1 |
_aShryock, Harold. _932628 |
|
| 240 | 1 | 3 |
_aHappiness for husbands and wives _lEspañol. |
| 245 | 1 | 3 |
_aEl secreto de la dicha conyugal / _cHarold Shryock ; traducción Marcelo I. Fayard. |
| 260 |
_aMéxico : _bInteramericanas, _c1952. |
||
| 300 |
_a260 p. : _bil. ; _c21 cm. |
||
| 534 |
_aTítulo original en inglés: _tHappiness for husbands and wives. |
||
| 650 | 4 |
_aRelaciones hombre-mujer _932629 |
|
| 650 | 0 |
_aMatrimonio _9797 |
|
| 650 | 0 |
_aFamilias _9795 |
|
| 650 | 4 |
_aElección del conyuge _91472 |
|
| 650 | 0 |
_aÉtica _9509 |
|
| 700 | 1 |
_aFayard, Marcelo I. _932630 |
|
| 910 | _aCatalogación por copia / LC | ||
| 049 | _aBNGR | ||
| 999 |
_c14044 _d14044 |
||